Science Quiz

Random Science or Animal Quiz

Extinct Animals Quiz Stats

 Plays Quiz Updated Mar 29, 2019

Score 0/10 Timer 06:00
2 Plays Today
Description Extinct Animal % Correct
This archetypal extinct bird was native to the island of Mauritius.Dodo
98.1%
This striped Australian marsupial was the largest carnivorous marsupial in the world.Thylacine (Tasmanian Wolf)
23.1%
This North American bird was hunted from a population of 5 billion to extinction in the span of 100 years.Passenger Pigeon
22.5%
These flightless birds of New Zealand resembled ostriches without wings. All 10 subspecies were hunted to extinction.Moa
21%
These large flightless birds resembled penguins, and inhabited most of the North Atlantic seaboard. Great Auk
15.2%
This enormous ancestor of domestic cattle lived in Central Eurasia and was hunted to extinction.Aurochs
10.9%
This placid freshwater dolphin lived only in one river in China, and became extinct due to over-industrialization.Baiji
10.7%
This North Pacific relative of the Manatee was hunted to extinction within 27 years of discovery.Steller's Sea Cow
8%
This vivid bird was the only parrot species indigenous to the United States.Carolina Parakeet
6.5%
These glossy black birds were native to Hawaii. All 4 subspecies died due to hunting and the avian flu.'O'o (Moho)
2.8%

You're not logged in!

Compare scores with friends on all Sporcle quizzes.
OR
Log In

Sporcle TV

Today on Sporcle TV


Watch our educational content, quiz creation guides, and fun videos on Sporcle TV.

Show Comments

Extras

Top Quizzes Today


Score Distribution

Your Account Isn't Verified!

In order to create a playlist on Sporcle, you need to verify the email address you used during registration. Go to your Sporcle Settings to finish the process.

Report this User

Report this user for behavior that violates our Community Guidelines.

Details: